| 000 | 00656 a2200217 4500 | ||
|---|---|---|---|
| 001 | 61399 | ||
| 005 | 20260407155904.0 | ||
| 008 | 260407a1988 arg spa d | ||
| 003 | AR-UNSa-BCEJYS | ||
| 040 |
_aAR-UNSa-BCEJYS _bspa _cAR-UNSa-BCEJYS |
||
| 080 |
_a347.61/.64 _xDerecho de familia (La familia, Matrimonio, Filiación, Tutela) |
||
| 245 | 1 | 0 | _aManual de derecho de familia |
| 020 | _a978-950-14-0420-3 | ||
| 250 | _a5a. ed. | ||
| 264 | 1 |
_aBuenos Aires : _bEdiciones Depalma _c1988 |
|
| 300 |
_a2 v. (461 ; 440 p.) _c23 cm. |
||
| 041 | _aspa | ||
| 942 | _cBK | ||
| 590 | _aniveau_biblio:m niveau_hierar:0 | ||
| 100 | 1 | _aBelluscio, Augusto César | |
| 999 |
_c7285 _d7285 |
||